Migrating to .net : a pragmatic path to visual basic.net, visual C++.net and ASP.net (Record no. 173610)

MARC details
000 -LEADER
fixed length control field 00539nam a2200145Ia 4500
008 - FIXED-LENGTH DATA ELEMENTS--GENERAL INFORMATION
fixed length control field 231217s9999 xx 000 0 und d
041 ## - LANGUAGE CODE
Language code of text/sound track or separate title English
082 ## - DEWEY DECIMAL CLASSIFICATION NUMBER
Classification number 001.6424BAS KAT;1 R
100 ## - MAIN ENTRY--PERSONAL NAME
Personal name Katre, Dhananjay Halari, Prashant Surapaneni, Narayana Rao
245 #0 - TITLE STATEMENT
Title Migrating to .net : a pragmatic path to visual basic.net, visual C++.net and ASP.net
260 ## - PUBLICATION, DISTRIBUTION, ETC.
Date of publication, distribution, etc. 2003
Name of publisher, distributor, etc. Pearson Education (Singapore)
Place of publication, distribution, etc. Delhi
300 ## - PHYSICAL DESCRIPTION
Extent xix+487
650 ## - SUBJECT ADDED ENTRY--TOPICAL TERM
Topical term or geographic name entry element Migrating,.net,:,pragmatic,path,visual,basic.net,,visual,C++.net,ASP.net
942 ## - ADDED ENTRY ELEMENTS (KOHA)
Koha item type Books
Holdings
Date last seen Total checkouts Full call number Accession number Cost, total (INR) price Price effective from Category Lost status Damaged status Department Withdrawn status Home library Current library Shelving location Entry date Vendor Cost, normal purchase price Grants Billnumber Billdate Currency symbol Conversion rate Discount Old discount
26/01/2024   001.6424BAS KAT;1 R 30965 280.00 26/01/2024 Books     Central Library   Central Library Central Library Central Library 15/12/2004 Sai Books 350.00 IS 145 12/06/2012 RS 1 70 20
26/01/2024   001.6424BAS KAT;2 R1 30966 280.00 26/01/2024 Books     Central Library   Central Library Central Library Library Annex 15/12/2004 Sai Books 350.00 IS 145 10/02/2010 RS 1 70 20
26/01/2024   001.6424BAS KAT;3 30967 280.00 26/01/2024 Books     Central Library   Central Library Central Library Central Library 15/12/2004 Sai Books 350.00 IS 145 25/05/2007 RS 1 70 20

© For any Suggestions or Query, please contact the library staff @ librarian@pes.edu or Phone: +9180 2672 1983/ 2108.